Cuentos búlgaros / (Record no. 84011)

MARC details
000 -LEADER
campo de control de longitud fija 00613nam a2200181 i 4500
001 - NÚMERO DE CONTROL
campo de control 84011
003 - IDENTIFICADOR DE NÚMERO DE CONTROL
campo de control ES-MaACL
005 - FECHA Y HORA DE LA ÚLTIMA TRANSACCIÓN
campo de control 20230906174930.0
007 - CAMPO FIJO DE DESCRIPCIÓN FÍSICA--INFORMACIÓN GENERAL
campo de control de longitud fija t|
008 - DATOS DE LONGITUD FIJA--INFORMACIÓN GENERAL
campo de control de longitud fija 041119s1944 sp ||||1| spa d
100 1# - ENTRADA PRINCIPAL--NOMBRE DE PERSONA
Nombre de persona Ivanov, Dimitri.
9 (RLIN) 65655
245 10 - MENCIÓN DEL TÍTULO
Título Cuentos búlgaros /
Mención de responsabilidad, etc. Elin-Pelin (seud.) ; [traducción del búlgaro, por Teodoro P. Neicov y Manuel María Barandica].
260 ## - PUBLICACIÓN, DISTRIBUCIÓN, ETC.
Lugar de publicación, distribución, etc. Madrid :
Nombre del editor, distribuidor, etc. Edit. Stylos,
Fecha de publicación, distribución, etc. 1944 (
Fabricante San Martín)
300 ## - DESCRIPCIÓN FÍSICA
Extensión 219 p. :
Otras características físicas il. ;
Dimensiones 18 cm.
700 1# - ENTRADA AGREGADA--NOMBRE PERSONAL
Nombre de persona Neïkov, Todor Petrov.
9 (RLIN) 153946
700 1# - ENTRADA AGREGADA--NOMBRE PERSONAL
Nombre de persona Barandica, Manuel María.
9 (RLIN) 25314
852 ## - LOCALIZACIÓN
Ubicación ES-MaACL
Número de control de estantería F-16002
Sublocalización o colección R.20747
Holdings
Estatus retirado Estado de pérdida Estado de daño No para préstamo Biblioteca de origen Biblioteca actual Ubicación en estantería Fecha de adquisición Fuente de adquisición Total de préstamos Signatura topográfica completa Código de barras Visto por última vez Precio de reemplazo Tipo de ítem Koha
        Biblioteca del Ateneo de Madrid Biblioteca del Ateneo de Madrid Sala Pecera Planta 2 17/01/2008     F-16002 1087799 23/02/2023 23/02/2023 Libro impreso